Siebenkampf - Reihenfolge - Statistiken

Allgemein
  • Dieses Quiz wurde 10 mal gespielt
  • Das Durchschnittsergebnis liegt bei 4 aus 7
Antwortstatistiken
Hint Antwort % Korrekt
2. Hochsprung
100%
3. Kugelstoßen
88%
5. Weitsprung
75%
7. 800m Lauf
38%
6. Speerwurf
38%
1. 100m Hürdenlauf
13%
4. 200m Lauf
13%
Keine übereinstimmenden Quizze gefunden
Verteilung der Resultate
Anzahl Personen mit jedem Resultat
Perzentil nach korrekt beantworteten Fragen
Ihre Resultats-Entwicklung
Sie haben dieses Quiz noch nicht gespielt